Online
Catalog

Legislación sobre propiedad intelectual : (Record no. 2497)

MARC details
000 -CABECERA
campo de control de longitud fija 01851nam a2200277 a 4500
001 - NÚMERO DE CONTROL
campo de control 000002661
005 - FECHA Y HORA DE LA ÚLTIMA TRANSACCIÓN
campo de control 20250128193628.0
008 - DATOS DE LONGITUD FIJA--INFORMACIÓN GENERAL
campo de control de longitud fija 090703t2009 dr 001 0 spa d
020 ## - NÚMERO INTERNACIONAL ESTÁNDAR DEL LIBRO
Número Internacional Estándar del Libro 9789993495369
040 ## - FUENTE DE LA CATALOGACIÓN
Centro catalogador/agencia de origen DO-SdBNP
Lengua de catalogación spa
Centro/agencia transcriptor BNPHU
082 ## - NÚMERO DE LA CLASIFICACIÓN DECIMAL DEWEY
Número de clasificación 346.0482
Número de documento/Ítem E77L
100 1# - ENTRADA PRINCIPAL--NOMBRE DE PERSONA
Nombre de persona Espinal Hernández, Edwin,
Fechas asociadas al nombre 1971-
9 (RLIN) 8396
245 10 - MENCIÓN DE TÍTULO
Título Legislación sobre propiedad intelectual :
Resto del título anotada, concordada y comentada /
Mención de responsabilidad, etc. Edwin Espinal Hernández ; presentación Fabio J. Guzmán Ariza.
260 ## - PUBLICACIÓN, DISTRIBUCIÓN, ETC.
Lugar de publicación, distribución, etc. Santo Domingo :
Nombre del editor, distribuidor, etc. Judicial,
Fecha de publicación, distribución, etc. 2009.
300 ## - DESCRIPCIÓN FÍSICA
Extensión xx, 601 p. ;
Dimensiones 23 cm.
490 1# - MENCIÓN DE SERIE
Mención de serie Leyes anotadas
500 ## - NOTA GENERAL
Nota general Incluye datos biográficos del autor en la solapa de la cubierta.
504 ## - NOTA DE BIBLIOGRAFÍA, ETC.
Nota de bibliografía, etc. Bibliografía: p. 599-601
505 0# - NOTA DE CONTENIDO CON FORMATO
Título Ley 20-00 sobre propiedad industrial y su reglamento de aplicación --
-- Ley 65-00 sobre derecho de autor y su reglamento de aplicación --
-- Convenio de Berna para la protección de las obras literarias y artísticas --
-- Convención internacional sobre la protección de los artistas intérpretes o ejecutantes --
-- Tratado de la OMPI sobre interpretación o ejecución y fonogramas (WPPT) 1996 --
-- Tratado de la OMPI sobre derecho de autor (WCT) 1996 --
-- Convenio de París para la protección de la propiedad industrial adoptado en Estocolmo el 14 de julio de 1967 --
-- Acuerdo sobre los aspectos de los derechos de propiedad intelectual relacionados con el comercio -- Capítulo quince del Tratado de Libre Comercio entre Centroamérica, Estados Unidos y República Dominicana DR-CAFTA --
Información miscelánea Bibliografía.
590 ## - NOTA LOCAL (RLIN)
Nota local Inventariado, 2018/LP
650 #4 - PUNTO DE ACCESO ADICIONAL DE MATERIA--TÉRMINO DE MATERIA
Término de materia o nombre geográfico como elemento de entrada Derechos de autor
Subdivisión general Legislación
9 (RLIN) 8397
650 #4 - PUNTO DE ACCESO ADICIONAL DE MATERIA--TÉRMINO DE MATERIA
Término de materia o nombre geográfico como elemento de entrada Propiedad industrial
Subdivisión general Legislación
9 (RLIN) 8398
700 1# - PUNTO DE ACCESO ADICIONAL--NOMBRE DE PERSONA
Nombre de persona Guzmán A., Fabio J.
Forma completa/desarrollada del nombre (Fabio José Guzmán Ariza),
Fechas asociadas al nombre 1949-
9 (RLIN) 30896
830 #0 - PUNTO DE ACCESO ADICIONAL DE SERIE-TÍTULO UNIFORME
Título uniforme Leyes anotadas
9 (RLIN) 8399
910 ## - DATOS DE OPCIÓN DEL USUARIO (OCLC)
Datos de opción del usuario Validado. Control de calidad EMS
Holdings
Estado de retiro Estado de pérdida Restricciones de uso No para préstamo Código de colección Localización permanente Ubicación/localización actual Ubicación en estantería Fecha de adquisición Número de inventario Total de préstamos Signatura topográfica completa Código de barras Fecha visto por última vez Número de copia Precio válido a partir de Tipo de ítem Koha
        Dominicana de Servicio General General Depósito 03.07.2009 LF1   346.0482 E77L 2661-30 25.06.2020 e. 3 25.06.2020 Libro y Folleto Colección Dominicana de Servicio
        Dominicana de Servicio General General Depósito 02.12.2009 LF1   346.0482 E77L 2661-40 25.06.2020 e. 4 25.06.2020 Libro y Folleto Colección Dominicana de Servicio
      Excluido de préstamo Patrimonio Dominicano Patrimonio Dominicano Patrimonio Dominicano Depósito 03.07.2009 LF1   346.0482 E77L 2661-10 25.06.2020   25.06.2020 Libro y Folleto Colección Patrimonio Dominicano
      Excluido de préstamo Patrimonio Dominicano Patrimonio Dominicano Patrimonio Dominicano Depósito 03.07.2009 LF1   346.0482 E77L 2661-20 25.06.2020 e. 2 25.06.2020 Libro y Folleto Colección Patrimonio Dominicano

Powered by Koha